000 00744nam 22002413 4500
001 199872
010 _a972-23-1013-5
021 _aPT
_b1217/88
090 _a199872
100 _a20260113d u||y0pory50 ba
200 _aProblemas de química para o 12º ano - volume II
_fAmância Coutinho Sobral, Ana Maria Figueiras, Lucinda Antunes Domingues
205 _a
210 _aLisboa
_cEditorial Presença
_d1994
215 _a208 p.
_cil. ; brochado
_d24 cm
606 _94688
_aQuímica
675 _a54
_vPT
_zpor
675 _a372
_vPT
_zpor
700 _915699
_aSobral
_bAmância Coutinho
701 _915700
_aFigueiras
_bAna Maria
701 _915701
_aDomingues
_bLucinda Antunes
801 _aPT
_bBMMN
_gRPC
830 _cAna
_fAna
990 _cLIVROS